000 nam a22 7a 4500
999 _c7731
_d7731
008 171005b xxu||||| |||| 00| 0 eng d
100 _94214
_aChabra.T.P
245 _aEconomics-XI
260 _aNew delhi
_bJPH
_c2007